Essentials Of Physical Chemistry (Record no. 132317)

MARC details
000 -LEADER
fixed length control field 00489nam a2200181Ia 4500
008 - FIXED-LENGTH DATA ELEMENTS--GENERAL INFORMATION
fixed length control field 230312s9999 xx 000 0 und d
041 ## - LANGUAGE CODE
Language code of text/sound track or separate title eng
082 ## - DEWEY DECIMAL CLASSIFICATION NUMBER
Classification number 541.3
Item number 541.3 BAH
100 ## - MAIN ENTRY--PERSONAL NAME
Personal name Bahl A.
9 (RLIN) 172114
245 ## - TITLE STATEMENT
Title Essentials Of Physical Chemistry
260 ## - PUBLICATION, DISTRIBUTION, ETC. (IMPRINT)
Date of publication, distribution, etc. 2009
Name of publisher, distributor, etc. S.Chand & Company Ltd.
300 ## - PHYSICAL DESCRIPTION
Extent 1144
365 ## - TRADE PRICE
Currency code Rs.
Price amount 550.00
700 ## - ADDED ENTRY--PERSONAL NAME
Personal name BahlB.S.TuliG.D.
9 (RLIN) 172115
710 ## - ADDED ENTRY--CORPORATE NAME
Corporate name or jurisdiction name as entry element Bahl A.; Bahl B.S. & Tuli G.D.
9 (RLIN) 172116
906 ## - LOCAL DATA ELEMENT F, LDF (RLIN)
b 247.5

No items available.